call of duty zombies the giant - Statistics

General Stats
  • This quiz has been taken 46 times
  • The average score is 8 of 11
Answer Stats
Hint Answer % Correct
the giant is a remake of what map der riese
94%
perk quick revive
94%
perk juggernog
91%
perk speed cola
88%
perk double tap
82%
perk mule kick
76%
perk deadshot
71%
where is the giant germany
71%
what year is the giant during 1945
68%
what month is the giant during october
53%
what to go through for free perk teleporter
53%
No matching quizzes found
Score Distribution
Percent of People with Each Score
Percentile by Number Answered
Your Score History
You have not taken this quiz